|
|
|
|
| LEADER |
00000nam0a2200000 4500 |
| 001 |
99120 |
| 005 |
20231031111550.0 |
| 010 |
|
|
|a 5279030147
|
| 035 |
|
|
|a (RuTPU)RU\TPU\book\106316
|
| 090 |
|
|
|a 99120
|
| 100 |
|
|
|a 20060628d2005 km y0rusy50 ca
|
| 101 |
0 |
|
|a rus
|
| 102 |
|
|
|a RU
|
| 105 |
|
|
|a a z 001zy
|
| 200 |
1 |
|
|a Кластерная технология и живучесть глобальных автоматизированных систем
|f Б. Д. Залещанский, Д. Я. Чернихов
|
| 210 |
|
|
|a Москва
|c Финансы и статистика
|d 2005
|
| 215 |
|
|
|a 385 с.
|c ил.
|
| 320 |
|
|
|a Словарь терминов: с. 355-379.
|
| 320 |
|
|
|a Библиография: с. 380-384.
|
| 330 |
|
|
|a Рассматриваются практические вопросы создания живучих глобальных автоматизированных систем (ГАС) на основе существующих кластерных технологий. Приводятся концепции, по которым рекомендуется строить непрерывные распределенные вычислительные процессы, обеспечивающие функционирование ГАС в условиях возникновения катастрофических ситуаций и различного рода несанкционированных воздействий. Предлагается совокупность требований, необходимых для реализации живучести ГАС. Для специалистов в области создания и эксплуатации автоматизированных систем, аспирантов и студентов старших курсов вузов.
|
| 610 |
1 |
|
|a глобальные автоматизированные системы
|
| 610 |
1 |
|
|a компьютерные сети
|
| 610 |
1 |
|
|a глобализация
|
| 610 |
1 |
|
|a сетевое программное обеспечение
|
| 610 |
1 |
|
|a Интернет
|
| 610 |
1 |
|
|a интрасети
|
| 610 |
1 |
|
|a живучесть
|
| 610 |
1 |
|
|a обеспечение
|
| 610 |
1 |
|
|a технические решения
|
| 610 |
1 |
|
|a кластерная технология
|
| 610 |
1 |
|
|a мировые производители
|
| 610 |
1 |
|
|a вычислительные процессы
|
| 610 |
1 |
|
|a безопасность
|
| 675 |
|
|
|a 681.324
|v 3
|
| 700 |
|
1 |
|a Залещанский
|b Б. Д.
|g Борис Данилович
|
| 701 |
|
1 |
|a Чернихов
|b Д. Я.
|g Дмитрий Яковлевич
|
| 801 |
|
1 |
|a RU
|b 63413507
|c 20060628
|g PSBO
|
| 801 |
|
2 |
|a RU
|b 63413507
|c 20061228
|g PSBO
|
| 942 |
|
|
|c BK
|
| 959 |
|
|
|a 59/20060626
|d 1
|e 550,00
|f ЧЗТЛ:1
|